000 00335 a2200157 4500
001 183170
020 _a
040 _cMagnum
100 _aKieling, Gilberto
240 1 0 _aO fundo invisível do olho
_lpor
245 1 0 _aO fundo invisível do olho
300 _a109
362 0 _a1987
697 _aLITERATURA GERAL
942 _cBK
999 _c183170
_d183170